00290nam a2200121Ia 45000030006000000080041000060400015000471000015000622450042000772600020001195460012001390050017001510STCL150530s9999 xx 000 0 und d aSTCLcSTCL aTom Paulin aThomas Hardy the poetry of perception bMacmillanc1975 aEnglish20220125170835.0